000 00829nam a2200265 a 4500
001 000022405
003 OSt
005 20220929133048.0
007 ta
008 101007s1996 dr 001 0 spa d
020 _a8489539316
040 _aDO-SdBNP
_bspa
_cBNPHU
082 4 _a320.97293054
_bT233r, 1996
_222
100 1 _aTaveras, Rafael
_917095
245 1 0 _aRefundar la república /
_cFara Taveras.
250 _a3a. ed.
260 _aSanto Domingo :
_bEditorial Nueva Atopía
_fEditora de Colores
_c1996.
300 _a196 p. ;
_c22 cm.
500 _aIncluye datos biográficos del autor en la solapa
504 _aBibliografía: p.191-193
590 _aInventariado, 2022/MFF
651 4 _aRepública Dominicana
_xPolítica y gobierno
_y1961-
_9204
910 _aValidado. Control de calidad MFF
942 _2ddc
_cLBS1
999 _c21903
_d21903